Christ teaches the apostles. (Record no. 5060)

000 -LEADER
fixed length control field 00697nam a2200205 a 4500
001 - CONTROL NUMBER
control field :::00002801$&:&@@
003 - CONTROL NUMBER IDENTIFIER
control field OkBaRHE
005 - DATE AND TIME OF LATEST TRANSACTION
control field 20000607103257.0
008 - FIXED-LENGTH DATA ELEMENTS--GENERAL INFORMATION
fixed length control field s1971 j 000 0 eng u
040 ## - CATALOGING SOURCE
Transcribing agency
100 1# - MAIN ENTRY--PERSONAL NAME
Personal name Lindsay, Gordon.
245 10 - TITLE STATEMENT
Title Christ teaches the apostles.
260 ## - PUBLICATION, DISTRIBUTION, ETC. (IMPRINT)
Place of publication, distribution, etc Dallas, TX., :
Name of publisher, distributor, etc Christ For The Nations Publishing Company
Date of publication, distribution, etc 1971
300 ## - PHYSICAL DESCRIPTION
Extent 32 p. ;
Dimensions 22 cm.
490 0# - SERIES STATEMENT
Series statement Life of Christ series.
650 ## - SUBJECT ADDED ENTRY--TOPICAL TERM
Topical term or geographic name as entry element Jesus Christ
General subdivision Teachings
942 ## - ADDED ENTRY ELEMENTS (KOHA)
Source of classification or shelving scheme
Koha item type Books
Copies
Copy number Date last seen Damaged status Barcode Date acquired Price effective from Koha item type Full call number Shelving location Permanent Location Source of classification or shelving scheme Not for loan Withdrawn status Lost status
12018-03-16 28012010-04-142010-04-14BooksBS 2417 .L5General StacksRHEMA Bible Training College    
22018-03-16 168322010-04-142010-04-14BooksBS 2417 .L5General StacksRHEMA Bible Training College